| 000 | 00364nam a22001577a 4500 | ||
|---|---|---|---|
| 003 | MACL | ||
| 005 | 20151121150359.0 | ||
| 008 | 151121b xxu||||| |||| 00| 0 eng d | ||
| 040 | _cMACL | ||
| 041 | _aEnglish | ||
| 082 | _a920/GAW | ||
| 100 |
_aGawande,Atul _917782 |
||
| 245 | _aThe Checklist Manifesto | ||
| 650 |
_aAutobiography _917783 |
||
| 942 |
_2ddc _cBK |
||
| 999 |
_c50847 _d50847 |
||